Guess the country from its ISO Code Quiz Stats

 Plays Quiz not verified by Sporcle

Challenge
Share
Tweet
Embed
Score 0/80 Timer 12:00
0 Plays Today
ISO Code Country % Correct
FIFINLAND
70%
ZMZAMBIA
60%
AUAUSTRALIA
56%
ESSPAIN
56%
PLPOLAND
54%
IDINDONESIA
52%
EEESTONIA
50%
MKMACEDONIA
50%
TVTUVALU
50%
DEGERMANY
48%
HNHONDURAS
48%
SMSAN MARINO
48%
COCOLOMBIA
46%
IRIRAN
46%
BEBELGIUM
44%
BGBULGARIA
44%
ISICELAND
44%
LALAOS
44%
VNVIETNAM
44%
UAUKRAINE
42%
BRBRAZIL
40%
HRCROATIA
40%
DODOMINICAN REPUBLIC
40%
LILIECHTENSTEIN
40%
ZASOUTH AFRICA
40%
CHSWITZERLAND
40%
TOTONGA
40%
KRSOUTH KOREA
36%
SESWEDEN
36%
BTBHUTAN
34%
TRTURKEY
34%
MYMALAYSIA
32%
FMMICRONESIA
32%
BHBAHRAIN
30%
CRCOSTA RICA
30%
WSSAMOA
30%
GQEQUATORIAL GUINEA
28%
CIIVORY COAST
28%
NRNAURU
28%
SLSIERRA LEONE
28%
ISO Code Country % Correct
DZALGERIA
26%
BYBELARUS
26%
CFCENTRAL AFRICAN REPUBLIC
26%
GNGUINEA
26%
TLTIMOR LESTE
26%
AOANGOLA
24%
KHCAMBODIA
24%
CMCAMEROON
24%
PWPALAU
24%
PGPAPUA NEW GUINEA
24%
SISLOVENIA
24%
AEUNITED ARAB EMIRATES
24%
CVCAPE VERDE
22%
GAGABON
22%
MEMONTENEGRO
22%
NENIGER
22%
STSAO TOME AND PRINCIPE
22%
BNBRUNEI
20%
TDCHAD
20%
KPNORTH KOREA
20%
LCSAINT LUCIA
20%
LKSRI LANKA
20%
BSBAHAMAS
18%
BABOSNIA AND HERZEGOVINA
18%
BIBURUNDI
18%
GDGRENADA
18%
MUMAURITIUS
18%
MNMONGOLIA
18%
RSSERBIA
18%
TNTUNISIA
18%
AGANTIGUA AND BARBUDA
16%
GWGUINEA BISSAU
16%
BJBENIN
14%
MHMARSHALL ISLANDS
14%
MAMOROCCO
14%
VCSAINT VINCENT AND THE GRENADINES
14%
SVEL SALVADOR
12%
KMCOMOROS
6%
SBSOLOMON ISLANDS
6%
KNSAINT KITTS AND NEVIS
4%

You're not logged in!

Compare scores with friends on all Sporcle quizzes.
Join for Free
OR
Log In

You Might Also Like...

Show Comments

Extras

Top Quizzes Today


Score Distribution

Your Account Isn't Verified!

In order to create a playlist on Sporcle, you need to verify the email address you used during registration. Go to your Sporcle Settings to finish the process.

Report this User

Report this user for behavior that violates our Community Guidelines.

Details: